Manual de pronunciación española / (Record no. 110984)
[ view plain ]
| 000 -LEADER | |
|---|---|
| campo de control de longitud fija | 00661nam a2200205 4500 |
| 001 - NÚMERO DE CONTROL | |
| campo de control | 110984 |
| 003 - IDENTIFICADOR DE NÚMERO DE CONTROL | |
| campo de control | ES-MaACL |
| 005 - FECHA Y HORA DE LA ÚLTIMA TRANSACCIÓN | |
| campo de control | 20250930063111.0 |
| 007 - CAMPO FIJO DE DESCRIPCIÓN FÍSICA--INFORMACIÓN GENERAL | |
| campo de control de longitud fija | t| |
| 008 - DATOS DE LONGITUD FIJA--INFORMACIÓN GENERAL | |
| campo de control de longitud fija | 061121s1950 sp r ||||1| spa d |
| 100 ## - ENTRADA PRINCIPAL--NOMBRE DE PERSONA | |
| Nombre de persona | Navarro Tomás, Tomás, |
| Fechas asociadas al nombre | 1884-1979 |
| 9 (RLIN) | 226508 |
| 245 10 - MENCIÓN DEL TÍTULO | |
| Título | Manual de pronunciación española / |
| Mención de responsabilidad, etc. | T. Navarro Tomás. |
| 250 ## - MENCION DE EDICION | |
| Mención de edición | 6ª ed. |
| 260 ## - PUBLICACIÓN, DISTRIBUCIÓN, ETC. | |
| Lugar de publicación, distribución, etc. | Madrid : |
| Nombre del editor, distribuidor, etc. | [s. n.], |
| Fecha de publicación, distribución, etc. | 1950 ( |
| Fabricante | Tip. Florez) |
| 300 ## - DESCRIPCIÓN FÍSICA | |
| Extensión | 326 p. : |
| Otras características físicas | il. ; |
| Dimensiones | 21 cm. |
| 500 ## - NOTA GENERAL | |
| Nota general | Es una publicación de la Rev. de Filología Española. |
| 710 2# - ENTRADA AGREGADA--NOMBRE DE ENTIDAD CORPORATIVA | |
| Nombre de entidad corporativa o nombre de jurisdicción como elemento de entrada | Instituto "Miguel de Cervantes" |
| 9 (RLIN) | 5133 |
| 852 ## - LOCALIZACIÓN | |
| Ubicación | ES-MaACL |
| Número de control de estantería | D-7686 |
| Sublocalización o colección | R.30695 |
| Estatus retirado | Estado de pérdida | Estado de daño | No para préstamo | Biblioteca de origen | Biblioteca actual | Ubicación en estantería | Fecha de adquisición | Fuente de adquisición | Total de préstamos | Signatura topográfica completa | Código de barras | Visto por última vez | Precio de reemplazo | Tipo de ítem Koha |
|---|---|---|---|---|---|---|---|---|---|---|---|---|---|---|
| Biblioteca del Ateneo de Madrid | Biblioteca del Ateneo de Madrid | Sala Valle Inclán | 17/01/2008 | D-7686 | 901115796 | 23/02/2023 | 23/02/2023 | Libro impreso |
